000 00617nam a22002177a 4500
003 AR-RoUNCS
005 20251209153705.0
008 251209t2025 ag |||||r|||| 00| p spa d
020 _a978-987-367-51-0
040 _aAR-RoUNCS
_cAR-RoUNCS
080 _082-1(821.6)
100 1 _aCampero, María Belén,
_d1978-
_eautor
245 1 3 _aLa sabiduría de las bestias /
_cBelén Campero.
250 _a1a ed.
260 _aRosario :
_bSerapis,
_c2025.
300 _a72 p. ;
_c22 cm.
500 _aUmbral de Beatriz Vignoli.
650 7 _2embne
_aLiteratura argentina
655 7 _2embne
_aPoesías
942 _2udc
_cLPD
_n0
999 _c818
_d818